Datum a čas kvízu
26
Celkem bodů
Celkový počet nahraných bodů na tomto kvízu bez doplňovacích otázek.
5.
Pořadí na kvízu
Konečné umístění týmu na tomto kvízu.
Zaznamenané odpovědi
| # | Otázka | Odpověď | Body | Výsledky |
|---|---|---|---|---|
| 1. | Manželka známého zločince se s... | 1 | ||
| 2. | Jihokorejec Kim Čong-jang byl... | 0 | ||
| 3. | Tři ženy v galerii mezinárodní... | 1 | ||
| 4. | Řada čínských e-shopů stáhla z... | 0 | ||
| 5. | Koncovka bitvy o titul nemohla... | 1 | ||
| 6. | Nedávno jsme zde probírali tém... | 0 | ||
| 5. | Kterým českým výrazem je pojme... | 1 | ||
| 5. | V tenkém střevu dochází ke kon... | 1 | ||
| 5. | Ledviny slouží k odstranění ne... | 1 | ||
| 5. | Která z těchto částí trávicí s... | 1 |